000 00704nam a22002297a 4500
003 UA-OsUOA
001 46072
007 ta
008 20070601b un ||||| |||| 00| 0 ukr d
090 _a368.914
_bП25
942 _cBK
040 _aUA-OsUOA
_bukr
_cUA-OsUOA
_dUA-OsUOA
245 _aПенсійна система України
_bНавчальний посібник
_cЗа ред. Грушка В.І.
300 _a336 с.
955 _a2
041 _aukr
080 _a368.914
020 _a966-8251-97-0
260 _aК.
_bКондор
_c2006
650 7 _a36 Забезпечення духовних та матеріальних життєвих потреб
_2UDC
999 _c332159
_d332159